000 00765cam a2200265 4500
001 J1955
008 090401t1993 xxu||||| |||| 00| 0 eng d
035 _a(Sirsi) u46455
041 _aeng
050 _a333.33
110 _aValuation Office
_9264
245 _aProperty market report - Autumn 1993.
260 _aLondon
_bValuation Office
_c1993
300 _a87p. ; 30cm.
350 _a30
520 _aReport produced by the Valuation Office as an executive agency, previous reports published by Board of Inland Revenue Valuation Office q.v
650 _aFARM LAND
650 _aINDUSTRIAL PROPERTY
650 _aINVESTMENT
650 _aOFFICES
650 _aRESIDENTIAL PROPERTY
_96266
650 _aSHOPS
942 _n0
948 _c04/03/1997
999 _c91923
_d91923